000 00510nam a2200181 i 4500
001 bg
100 1 _aKOŚCIOŁEK, Zbigniew.
245 1 0 _aPrzyrządy i uchwyty do obróbki skrawaniem.
_nCz. 1 /
_cZbigniew Kościołek, Wiktor Natanson
_n1.
260 _aWarszawa :
_bPWT,
_c1956.
650 9 _aSkrawanie
_xnarzędzia i maszyny
655 _aPodręczniki
700 1 _aNATANSON, Wiktor
040 _cBPK
041 0 _apol
080 _a621.9(07)
942 _cKS
008 s pl f |000 0 pol
999 _c35588
_d35588
856 _uhttp://koha.tu.koszalin.pl/cgi-bin/koha/opac-detail.pl?biblionumber=35588
_yKatalog online BPK